| 000 | 01176cpcaa2200301 a 4500 | ||
|---|---|---|---|
| 001 | mm2007085391 | ||
| 003 | DLC | ||
| 005 | 20260227111731.0 | ||
| 008 | 071116|||||||||||| eng | ||
| 010 | _amm2007085391 | ||
| 040 |
_aDLC _cDLC _edacs _dDLC |
||
| 072 | 7 |
_aL _2lcmd |
|
| 100 | 1 | _aManger, Frederic Albert. | |
| 245 | 0 | 0 |
_aFrederic Albert Manger poem, _f1900. |
| 300 |
_a2 _fitems. |
||
| 506 | 0 | _aOpen to research. | |
| 520 | 8 | _aTypewritten poem by Manger concerning William Jennings Bryan, William McKinley, and the 1900 presidential election. Accompanied by a copyright application. | |
| 545 | 0 | _aAuthor. | |
| 546 | _aCollection material in English. | ||
| 580 | _aForms part of: Miscellaneous Manuscripts collection. | ||
| 600 | 1 | 0 |
_aBryan, William Jennings, _d1860-1925. |
| 600 | 1 | 0 |
_aMcKinley, William, _d1843-1901. |
| 650 | 0 |
_aPresidents _zUnited States _xElection _y1900. |
|
| 651 | 0 |
_aUnited States _xHistory _y1865-1921. |
|
| 656 | 7 |
_aAuthors. _2itoamc |
|
| 999 |
_c44773 _d44773 |
||